Guidelines on NRM 2 (Record no. 116123)
[ view plain ]
| 000 -LEADER | |
|---|---|
| fixed length control field | 01773cam a22003255a 4500 |
| 001 - CONTROL NUMBER | |
| control field | L159814 |
| 008 - FIXED-LENGTH DATA ELEMENTS--GENERAL INFORMATION | |
| fixed length control field | 120501s2014 xxk f 001 0 eng d |
| 020 ## - INTERNATIONAL STANDARD BOOK NUMBER | |
| International Standard Book Number | 9781783210831 |
| 035 ## - SYSTEM CONTROL NUMBER | |
| System control number | (Sirsi) u159814 |
| 041 0# - LANGUAGE CODE | |
| Language code of text/sound track or separate title | eng |
| 050 04 - LIBRARY OF CONGRESS CALL NUMBER | |
| Classification number | 692.3095 |
| 110 1# - MAIN ENTRY--CORPORATE NAME | |
| Corporate name or jurisdiction name as entry element | Royal Institution of Chartered Surveyors |
| 9 (RLIN) | 4900 |
| 240 ## - UNIFORM TITLE | |
| Uniform title | NRM 2 |
| 245 00 - TITLE STATEMENT | |
| Title | Guidelines on NRM 2 |
| Remainder of title | Detailed measurement of building works |
| Medium | [archived] |
| 260 ## - PUBLICATION, DISTRIBUTION, ETC. | |
| Place of publication, distribution, etc. | London |
| Name of publisher, distributor, etc. | RICS |
| Date of publication, distribution, etc. | 2014 |
| 490 #0 - SERIES STATEMENT | |
| Series statement | RICS Information Paper |
| 520 ## - SUMMARY, ETC. | |
| Summary, etc. | These guidelines accompany the New Rules of Measurement (NRM) and are intended to be read in conjunction with Parts 2 and 3 of NRM 2: Detailed measurement for building works. The guidelines have four main purposes, to assist the quantity surveyor (QS) in understanding and implementing the rules of measurement in NRM 2; to encourage good practice in the measurement of building works; to give guidance on the communication of information relative to quantities of finished work where their value is modified by position, complexity, simplicity, repetition, eccentric distribution or other cost significant factors; to give a brief explanation of a number of novel features introduced into NRM 2; why they have been included and how they came about. |
| 521 ## - TARGET AUDIENCE NOTE | |
| Target audience note | Advanced |
| 590 ## - LOCAL NOTE (RLIN) | |
| Local note | KA |
| 650 24 - SUBJECT ADDED ENTRY--TOPICAL TERM | |
| Topical term or geographic name entry element | RICS NEW RULES OF MEASUREMENT |
| 650 24 - SUBJECT ADDED ENTRY--TOPICAL TERM | |
| Topical term or geographic name entry element | NEW RULES OF MEASUREMENT 2 |
| 651 #4 - SUBJECT ADDED ENTRY--GEOGRAPHIC NAME | |
| Geographic name | International |
| 690 ## - LOCAL SUBJECT ADDED ENTRY--TOPICAL TERM (OCLC, RLIN) | |
| Topical term or geographic name as entry element | Cost management |
| 9 (RLIN) | 6233 |
| 690 ## - LOCAL SUBJECT ADDED ENTRY--TOPICAL TERM (OCLC, RLIN) | |
| Topical term or geographic name as entry element | Measurement |
| 9 (RLIN) | 6256 |
| 690 ## - LOCAL SUBJECT ADDED ENTRY--TOPICAL TERM (OCLC, RLIN) | |
| Topical term or geographic name as entry element | Construction management |
| 9 (RLIN) | 6230 |
| 690 ## - LOCAL SUBJECT ADDED ENTRY--TOPICAL TERM (OCLC, RLIN) | |
| Topical term or geographic name as entry element | Project management |
| 9 (RLIN) | 6261 |
| 700 1# - ADDED ENTRY--PERSONAL NAME | |
| Personal name | Davidson, John |
| 856 40 - ELECTRONIC LOCATION AND ACCESS | |
| Uniform Resource Identifier | <a href="https://www.rics.org/profession-standards/knowledge-and-information-services">https://www.rics.org/profession-standards/knowledge-and-information-services</a> |
| Public note | For an archived copy please email [email protected] |
| 942 ## - ADDED ENTRY ELEMENTS (KOHA) | |
| Suppress in OPAC | 0 |
| Source of classification or shelving scheme | Dewey Decimal Classification |
| Withdrawn status | Lost status | Source of classification or shelving scheme | Damaged status | Not for loan | Home library | Current library | Shelving location | Date acquired | Total Checkouts | Full call number | Barcode | Date last seen | Copy number | Koha item type | Public note |
|---|---|---|---|---|---|---|---|---|---|---|---|---|---|---|---|
| Dewey Decimal Classification | Virtual | Virtual | Online | 19/02/2018 | ONLINE PUBLICATION | 159814-2001 | 13/06/2023 | 1 | Online material | Please contact [email protected] to request a digital copy |